[Event "Kesan op"]
[Site "Kesan"]
[Date "2022.08.03"]
[Round "2"]
[White "Abdurakhmanov, Mukhmmadali"]
[Black "Yeltekin, Atalay Uras"]
[Result "1-0"]
[WhiteElo "2308"]
[BlackElo "1353"]
[PlyCount "47"]
[EventDate "2022.08.02"]
[EventType "swiss"]
[EventRounds "9"]
[EventCountry "TUR"]
[SourceTitle "CBM 209 Extra"]
[Source "ChessBase"]
[SourceDate "2022.09.30"]
[SourceVersion "1"]
[SourceVersionDate "2022.09.30"]
[SourceQuality "1"]

1. d4 f5 2. Nf3 e6 3. Bf4 Nf6 4. e3 d5 5. Bd3 Bd6 6. Ne5 0-0 7. h3 Ne4 8. Nd2 Nd7 9. Ndf3 g5 10. Nxd7 Bxd7 11. Be5 g4 12. hxg4 Bb4+ 13. c3 Nxc3 14. bxc3 Bxc3+ 15. Ke2 Bxa1 16. Qxa1 a6 17. Rh5 Be8 18. Rxh7 Rf6 19. Qh1 Kf8 20. Rh8+ Ke7 21. Bxf6+ Kxf6 22. Qh4+ Kf7 23. Qh7+ Kf6 24. g5# 1-0